Interkultúrne paradigmy vo vyučovaní anglického odborného jazyka

Obchodná angličtina ako najrýchlejšie sa rozvíjajúca oblasť angličtiny. Hodnotenie výučby cudzích jazykov na Ekonomickej univerzite v rokoch 1993 a 1996 medzi študentmi. Pripravenosť študentov. Vedomosti o interkultúrnych rozdieloch medzi krajinami. Profesionalita v medzinárodnej komunikácii v cudzo...

Descripción completa

Guardado en:
Detalles Bibliográficos
Autor principal: Bocková, Viera
Formato: Libro
Lenguaje:eslovaco
Materias:
Etiquetas: Agregar Etiqueta
Sin Etiquetas, Sea el primero en etiquetar este registro!

MARC

LEADER 00000nam a2200000 4500
001 r031202
005 20230918075417.1
041 0 |a slo 
044 |a SK 
245 1 0 |a Interkultúrne paradigmy vo vyučovaní anglického odborného jazyka  |c Viera Bocková 
520 |a Obchodná angličtina ako najrýchlejšie sa rozvíjajúca oblasť angličtiny. Hodnotenie výučby cudzích jazykov na Ekonomickej univerzite v rokoch 1993 a 1996 medzi študentmi. Pripravenosť študentov. Vedomosti o interkultúrnych rozdieloch medzi krajinami. Profesionalita v medzinárodnej komunikácii v cudzom jazyku. 
610 2 0 |a príprava odborná 
610 2 0 |a jazyky cudzie 
610 2 0 |a angličtina 
610 2 0 |a odbory študijné 
610 2 0 |a školy vysoké odborné 
610 2 0 |a štúdium vysokoškolské 
610 2 0 |a Ekonomická univerzita v Bratislave 
100 1 |a Bocková, Viera